| Tag |
First Indicator |
Second Indicator |
Subfields |
| LEADER |
00000cam a2200000 4500 |
| 001 |
in00000022044 |
| 005 |
20151007063835.0 |
| 008 |
720310s1956 enk 00000 eng u |
| 010 |
|
|
|a 56044130
|
| 035 |
|
|
|a (OCoLC)00261197
|
| 035 |
|
|
|9 AAD8387AM
|
| 040 |
|
|
|c MRC
|d TXA
|d UtOrBLW
|
| 049 |
|
|
|a TXAM
|c [279764]
|
| 050 |
|
0 |
|a PR875
|b .P5 1956
|
| 092 |
|
|
|a 823.09
|b P538r
|
| 100 |
1 |
|
|a Phelps, Gilbert.
|
| 245 |
1 |
4 |
|a The Russian novel in English fiction.
|
| 264 |
|
1 |
|a London :
|b Hutchinson,
|c [1956]
|
| 300 |
|
|
|a 206 pages ;
|c 19 cm.
|
| 336 |
|
|
|a text
|b txt
|2 rdacontent
|
| 337 |
|
|
|a unmediated
|b n
|2 rdamedia
|
| 338 |
|
|
|a volume
|b nc
|2 rdacarrier
|
| 490 |
0 |
|
|a Hutchinson's university library: English literature
|
| 650 |
|
0 |
|a English fiction
|y 19th century
|x History and criticism.
|
| 650 |
|
0 |
|a English fiction
|y 20th century
|x History and criticism.
|
| 650 |
|
0 |
|a Comparative literature
|x English and Russian.
|
| 650 |
|
0 |
|a Comparative literature
|x Russian and English.
|
| 999 |
|
|
|a MARS
|
| 999 |
f |
f |
|s 6dbf9927-c94c-34ae-bde4-1a001ab33a54
|i 7d01a3ce-bd32-36b6-839b-91767198a657
|t 0
|
| 952 |
f |
f |
|p ric
|a Texas A&M University
|b Rellis Campus
|c Joint Library Facility
|d Remote Storage
|t 0
|e PR875 .P5 1956
|h Library of Congress classification
|i unmediated -- volume
|m A14801335625
|
| 998 |
f |
f |
|a PR875 .P5 1956
|t 0
|l Remote Storage
|